Awatar: Legenda Aanga - Wstęp (1 odcinek) - Statystyki

Ogólne statystyki
  • Ten quiz został rozwiązany 403 razy
  • Średni wynik to 42 z 126
Statystyki odpowiedzi
% Poprawnych
o
92%
O
92%
ziemi,
76%
ziemi.
76%
na
73%
Woda,
72%
Ogień,
71%
Powietrze.
70%
Ziemia,
70%
Awatar
68%
awatar
68%
i
63%
ognia
63%
naród
62%
mi
61%
Babcia
56%
opowiadała
55%
kiedy
54%
ja
50%
świat
48%
świat.
48%
by
45%
zaatakował
45%
powietrza,
42%
powietrza.
42%
brat
41%
zniknął.
40%
że
39%
czasach
38%
lat
38%
się
38%
wody,
38%
sto
35%
wszystko
35%
zmieniło.
34%
ale
32%
Tylko
32%
tylko
32%
pokoju
31%
wierzę,
31%
powróci
30%
go
29%
jak
29%
kiedyś.
28%
najbardziej
28%
gdy
27%
mój
27%
Mój
27%
on
27%
tym
27%
uratować
27%
mógł
24%
było
23%
potrzebował,
23%
Minęło
22%
nad
22%
temu
22%
stał
20%
straży
20%
wojny.
19%
królestwo
18%
lecz
18%
nie
18%
nomadami
18%
powstrzymać
18%
wtedy,
18%
Jednak
17%
jest
17%
narodem
17%
królestwem
16%
między
15%
ojciec
15%
plemionami
15%
żywiołami
15%
czterema
14%
dnia
14%
nomadów
14%
pewnego
14%
bliski
13%
miał
12%
wygrania
12%
cykl
10%
lata
10%
plemieniem.
10%
tracę
10%
wciąż
10%
władzę
10%
został
10%
Dwa
9%
ludzi
9%
nadziei,
9%
zostaliśmy
9%
dziś
8%
odrodził
8%
przerwany
8%
Wielu
8%
wojowników
8%
wśród
8%
opiekować
7%
wesprzeć
6%
sądzi,
5%
właśnie
5%
naszych
4%
poprowadził
4%
Nie znaleziono quizów pasujących do podanych kryteriów
Rozkład punktacji
Procent ludzi z każdym wynikiem
Percentyl według liczby udzielonych odpowiedzi
Twoja historia wyników
Nie rozwiązałeś tego quizu